[Event "Petrolina Cordioli Memorial op"]
[Site "Petrolina"]
[Date "2007.10.21"]
[Round "7"]
[White "Dos Santos, Adriano Barbosa"]
[Black "Brasileiro, Caio Graco"]
[Result "1/2-1/2"]
[WhiteElo "1800"]
[BlackElo "1800"]
[PlyCount "20"]
[EventDate "2007.10.09"]
[EventType "swiss"]
[EventRounds "7"]
[EventCountry "BRA"]
[SourceTitle "EXT 2022"]
[Source "ChessBase"]
[SourceDate "2021.10.06"]
[SourceVersion "1"]
[SourceVersionDate "2021.10.06"]
[SourceQuality "1"]

1. e4 e5 2. Nf3 d6 3. Nc3 Nf6 4. Bc4 c6 5. h3 a6 6. d3 h6 7. 0-0 Be7 8. b3 0-0 9. Bb2 Be6 10. Bxe6 fxe6 1/2-1/2